000 03096cam a2200289 4500500
005 20260426020111.0
041 _afre
042 _adc
100 1 0 _aHachet, Pascal
_eauthor
245 0 0 _aCes ados amoureux qui ont du mal à passer à l'acte
260 _c2005.
500 _a98
520 _aL’adolescence constitue par excellence l’âge des « prises de risques » et, par conséquent, des passages à l’acte. Cependant, l’engagement adolescent dans le risque se traduit non seulement par des comportements par « excès », mais aussi par « défaut » (repli, absence, etc.). Pour cette raison, après un rappel concernant les comportements juvéniles sexuels risqués, l’auteur attire l’attention sur les situations où un adolescent rencontre des difficultés pour concrétiser – et parfois, en amont, pour dire – son désir sexuel. Certes, les images pornographiques peuvent altérer l’estime de soi de jeunes qui craignent de ne pas « être à la hauteur », mais les observations de Stéphane – paralysé par la timidité –, de Sylvain – qui cache sa peur de ne pas être aimé derrière une créativité addictive – et surtout de Julien – qui parle très bien mais panique au moment d’agir – suggèrent fortement que les adolescents amoureux qui ont du mal à passer à l’acte sont envahis par les traces vivaces – alors réactualisées – d’un traumatisme précoce fait d’abandon par la Mère anasémique (N. Abraham) et de détresse réactionnelle.
520 _aTeens in love who fear acting it out Adolescence constitutes without a doubt the time of « risks taking » and consequently acting. Nevertheless, teen involvement with risk translates into not only behaviors through « excess », but as well through « defect » (escapism, absence, etc.). For this reason, after recalling sexual risky juvenile behaviors, the author draws attention on situations where a teenager meets difficulties concretizing – and sometimes, before that, to express – his sexual desire. Of course, pornographic images can diminish the self-esteem of the adolescent, who will fear not to be up to it. But Stéphane’s observation – paralyzed by shyness –, Sylvain’s – who hides his fear not to be loved behind an addictive creativity – and above all Julien’s – who speaks very well but panics whenever he should act – strongly suggest that adolescents in love fearing acting it out, are invaded by living traces – thus reactualized – of an early trauma made of abandonment by the Mother and responsive helplessness.
690 _aAdolescence
690 _aAngoisse d'abandon
690 _aLangage
690 _aPassage à l'acte
690 _aSexualité
690 _aAbandonment anxiety
690 _aActing out
690 _aLanguage
690 _aSexuality
690 _aTeenage
786 0 _nImaginaire & Inconscient | 16 | 2 | 2005-11-01 | p. 167-181 | 1628-9676
856 4 1 _uhttps://shs.cairn.info/revue-imaginaire-et-inconscient-2005-2-page-167?lang=fr&redirect-ssocas=7080
999 _c2225437
_d2225437